000 00213nam a22000857a 4500
008 170228b xxu||||| |||| 00| 0 eng d
100 _92948
_aKumar.A.
245 _aPolitical Science-VIII
260 _aNew Delhi
_bAPC
_c2009
999 _c6192
_d6192